Visualizzazione normale
Vista MARC
- Marrone, Francesco,
di Personal Name
Records bibliografici associati: 1
001 - CONTROL NUMBER
- control field: 57246
003 - CONTROL NUMBER IDENTIFIER
- control field:
005 - DATE AND TIME OF LATEST TRANSACTION
- control field: 20180515110238.0
008 - FIXED-LENGTH DATA ELEMENTS
- fixed length control field: 180515|| aca||aabn | a|a d
040 ## - CATALOGING SOURCE
- Original cataloging agency:
- Transcribing agency:
100 ## - HEADING--PERSONAL NAME
- Personal name: Marrone, Francesco,
- Dates associated with a name: 1976-,
- Relator term: coll.
670 ## - SOURCE DATA FOUND
- Source citation: Work cat.: ()0: Descartes, René, 1596-1650. 57241, Opere: 1637-1649 /, ©2009.